Capitales des provinces du Canada - Statistiques

Statistiques générales
  • Ce quiz a été pris 434 fois
  • Le résultat moyen est 5 sur 14
Statistiques - réponses
Province Réponse % Correct
Alberta Edmonton
78%
Colombie-Britannique Victoria
71%
Manitoba Winnipeg
62%
Ontario Toronto
48%
Québec Québec
40%
Nouvelle-Écosse Halifax
36%
Terre-Neuve-et-Labrador St. John
36%
Territoire du Nord-Ouest Yellowknife
36%
Nouveau-Brunswick Fredericton
35%
Capitale Fédérale du Canada Ottawa
24%
Nunavut Iqaluit
23%
Saskatchewan Regina
18%
Île du Prince Édouard Charlottetown
14%
Yukon Whitehorse
13%
Aucun quiz correspondant
Distribution des résultats
% des personnes avec chaque résultat
Percentile par nombre de réponses
Votre historique - résultats
Vous n’avez pas pris ce quiz